Loading...
| Current Events | 4 | 12.50 | 100% | 0% | 25% |
| Fine Arts - Classical Music | 8 | 22.50 | 88% | 88% | 50% |
| Fine Arts - Other | 7 | 12.86 | 86% | 43% | 0% |
| Fine Arts - Painting & Sculpture | 8 | 11.25 | 100% | 13% | 0% |
| Geography | 2 | 20.00 | 100% | 100% | 0% |
| History - American | 12 | 9.17 | 67% | 25% | 0% |
| History - European | 5 | 12.00 | 80% | 40% | 0% |
| History - Other | 7 | 17.14 | 100% | 71% | 0% |
| History - World | 9 | 15.56 | 89% | 56% | 11% |
| Literature - American | 10 | 12.00 | 90% | 20% | 10% |
| Literature - British | 7 | 10.00 | 71% | 14% | 14% |
| Literature - European | 9 | 12.22 | 67% | 44% | 11% |
| Literature - World | 10 | 13.00 | 90% | 20% | 20% |
| Mythology | 3 | 10.00 | 67% | 33% | 0% |
| Other Academic | 5 | 18.00 | 80% | 80% | 20% |
| Philosophy | 11 | 15.45 | 91% | 64% | 0% |
| Religion | 11 | 13.64 | 100% | 36% | 0% |
| Science - Biology | 8 | 17.50 | 100% | 25% | 50% |
| Science - Chemistry | 11 | 14.55 | 73% | 55% | 18% |
| Science - Other | 8 | 15.00 | 88% | 50% | 13% |
| Science - Physics | 8 | 21.25 | 100% | 100% | 13% |
| Social Science | 8 | 16.25 | 88% | 75% | 0% |